00663nam a2200205 i 4500001000700000003000700007005001700014008004100031020001800072080002100090100002100111245010700132250001100239260003100250300002200281490003300303610002000336830003300356852006800389186838SpMaBN20230906222744.0170221s1995 sp |||| |dspa d a84-88485-24-7 a329(460.15)(091)1 aBaeza, Álvaro.10aE.T.A. nació en un seminario, el gran secreto b: historia de ETA de 1952-1995 / cÁlvaro Baeza L. a40 ed. a[Madrid] : bABL, c[1995] a691 p. ; c22 cm.1 a"Buhardilla vaticana" ; v1127aETA-vHistoria.0 a"Buhardilla vaticana" ; v11 aES-MaACLjF-3048 z- enc. cart. z. - Donat. Carmen Zumárraga